000 00645cam a2200229 a 4500
005 20260322212100.0
008 data
010 _a 82004309
020 _a0517216795
020 _a9780517216798
040 _aDLC
_cDLC
_dDLC
050 0 0 _aAG243
_b.R54 1982
082 0 0 _a032/.02
_219
092 _a032 R54 1982
100 1 _aRobertson, Patrick,
_d1940-
245 1 4 _aThe book of firsts /
_cPatrick Robertson.
260 _aNew York :
_bDistributed by Crown Publishers,
_bDistributed by Crown Publishers,
_c1982, c1974.
300 _a512 p. :
_bill. ;
_c24 cm.
500 _aIncludes index.
650 0 _aCuriosities and wonders.
001 data
999 _c1447
_d1447